000
00304nam a2200121Ia 4500
008
230627s9999 xx 000 0 und d
041
_a
eng
082
_a
345
_b
MAL
100
_a
Mallick M.R.
245
_a
Criminal Minor Acts
260
_a
Delhi
_b
Professional Book Publishers
_c
2018
300
_a
1649 pgs.
999
_c
700302
_d
700302